| Tag |
First Indicator |
Second Indicator |
Subfields |
| LEADER |
00000cam a22000001a 4500 |
| 001 |
in00003211024 |
| 006 |
m d f |
| 007 |
cr bn mmmapmmp |
| 008 |
090623s1962 dcu o f000 0 eng d |
| 005 |
20260504143647.9 |
| 035 |
|
|
|a cis2007427279
|
| 040 |
|
|
|a UMI
|c UMI
|d UtOrBLW
|
| 043 |
|
|
|a n-us---
|
| 086 |
0 |
|
|a Y 4.In 8/4:D 84
|
| 099 |
|
|
|a HRG-1962-FCH-0019
|
| 110 |
1 |
|
|a United States.
|b Congress.
|b House.
|b Committee on Interstate and Foreign Commerce.
|
| 245 |
1 |
0 |
|a Drug Industry Act of 1962 :
|b hearings before the United States House Committee on Interstate and Foreign Commerce, Eighty-Seventh Congress, second session, on June 19-22, Aug. 20-23, 1962.
|
| 264 |
|
1 |
|a Washington :
|b U.S. G.P.O.,
|c 1962.
|
| 300 |
|
|
|a 1 online resource.
|
| 336 |
|
|
|a text
|b txt
|2 rdacontent
|
| 337 |
|
|
|a computer
|b c
|2 rdamedia
|
| 338 |
|
|
|a online resource
|b cr
|2 rdacarrier
|
| 500 |
|
|
|a Record is based on bibliographic data in ProQuest Congressional Hearings Digital Collection. Reuse except for individual research requires license from ProQuest, LLC.
|
| 520 |
|
|
|a Considers the following bills to amend the Federal Food, Drug, and Cosmetic Act. H.R. 11581, the Drug and Factory Inspection Amendments of 1962, to require manufacturers to follow certain research, production and marketing safety procedures. H.R. 11582, the Cosmetics and Therapeutic Devices Amendments of 1962, to require safety certification for cosmetics and medical devices; to require labeling on containers containing hazardous substances; and to strengthen controls on food and animal feed additives.
|
| 520 |
|
|
|a Considers (87) H.R. 11581, (87) H.R. 11582.
|
| 538 |
|
|
|a System requirements: PDF reader software.
|
| 500 |
|
|
|a Electronic resource.
|
| 650 |
|
0 |
|a Cosmetics
|x Law and legislation
|z United States.
|
| 650 |
|
0 |
|a Drugs
|x Law and legislation
|z United States.
|
| 650 |
|
0 |
|a Food law and legislation
|z United States.
|
| 650 |
|
0 |
|a Medical instruments and apparatus
|x Safety regulations
|z United States.
|
| 655 |
|
7 |
|a Electronic books.
|2 local
|
| 710 |
2 |
|
|a ProQuest (Firm)
|
| 776 |
0 |
8 |
|i Print version:
|a United States. Congress. House. Committee on Interstate and Foreign Commerce.
|t Drug Industry Act of 1962
|
| 776 |
0 |
8 |
|i Microfiche version:
|a United States. Congress. House. Committee on Interstate and Foreign Commerce.
|t Drug Industry Act of 1962.
|d [Bethesda, Md.] : ProQuest,[2004]
|o CIS Hrgs MF Gp 3--(87) H1931-6
|w (ProQuest)cis10701322
|
| 830 |
|
0 |
|a U.S. Congressional Hearings.
|
| 856 |
4 |
0 |
|u http://proxy.library.tamu.edu/login?url=https://congressional.proquest.com/congcomp/getdoc?HEARING-ID=HRG-1962-FCH-0019
|z Connect to the full text of this electronic book
|t 0
|
| 998 |
|
|
|a cis10701322
|
| 999 |
|
|
|a MARS
|
| 999 |
f |
f |
|s 820fe515-eaaf-3516-a71f-25c1e56deffd
|i 00ae8de3-fd49-3e55-ba91-c9e6a322e14a
|t 0
|
| 952 |
f |
f |
|a Texas A&M University
|b College Station
|c Electronic Resources
|s www_evans
|d Available Online
|t 0
|e HRG-1962-FCH-0019
|h Other scheme
|
| 998 |
f |
f |
|a HRG-1962-FCH-0019
|t 0
|l Available Online
|